Statistics for Greece EUROs Starting XIs

Click here to take the quiz!

General Stats

  • This quiz has been taken 26 times
  • The average score is 16 of 44

Answer Stats

HintAnswer% Correct
2012CBSokratis
84%
2004RWAngelos Charisteas
76%
2008STAngelos Charisteas
76%
2012LWGeorgios Samaras
72%
2008GKAntonis Nikopolidis
68%
2004GKAntonis Nikopolidis
68%
2012CMGeorgios Karagounis
68%
2008CMGeorgios Karagounis
68%
2008CBTraianos Dellas
64%
2004CBTraianos Dellas
64%
2008CMKostas Katsouranis
60%
2004CMKostas Katsouranis
60%
2012CMKostas Katsouranis
60%
2012CBKyriakos Papadopoulos
56%
2004CMThedoros Zagorakis
56%
2004CMAngelos Basinas
52%
2008CMAngelos Basinas
52%
2008RBGeorgios Seitaridis
52%
2004RBGeorgios Seitaridis
52%
2012STTheofanis Gekas
52%
1980CBAnthimos Kapsis
40%
2004CBMichalis Kapsis
40%
2004LWStelios Giannakopoulos
40%
2004LBTakis Fyssas
40%
2004STZisis Vryzas
40%
2012RWDimitrios Salpingidis
36%
2012LBGeorgios Tzavellas
28%
2012RBVasilios Torosidis
28%
2008LBVasilios Torosidis
28%
2008CBSotiris Kyrgiakos
16%
2008STIoannis Amanatidis
8%
2012GKMichalis Sifakis
4%
1980STThomas Mavros
4%
1980RMChristos Ardizoglou
0%
1980CMChristos Terzanidis
0%
1980LMDinos Kouis
0%
1980CBGeorgios Firos
0%
1980STGeorgios Kostikos
0%
1980RBGiannis Kyrastas
0%
2012CMGiannis Maniatis
0%
1980LBKonstantinos Iosifidis
0%
2008CBParaskevas Antzas
0%
1980CMSpyros Livathinos
0%
1980GKVasilios Konstantinou
0%

Score Distribution

Percentile by Number Answered

Percent of People with Each Score

Your Score History

You have not taken this quiz